Nghệ thuật chơi chữ trong ca dao và bình giải ca dao
Sách gồm bảy chương trình bày các phương tiện, hình thức chơi chữ mà ca dao thường sử dụng để chơi chữ như ngữ âm và chữ viết, từ vựng - ngữ nghĩa, ngữ pháp và nói láy trong ca dao.
Đã lưu trong:
| Hovedforfatter: | |
|---|---|
| Format: | Bog |
| Sprog: | Undetermined |
| Udgivet: |
Hà Nội
Nxb. Đại học Quốc gia Hà Nội
2011
|
| Fag: | |
| Tags: |
Tilføj Tag
Ingen Tags, Vær først til at tagge denne postø!
|
| Thư viện lưu trữ: | Trung tâm Học liệu Trường Đại học Cần Thơ |
|---|
| LEADER | 00973nam a2200205Ia 4500 | ||
|---|---|---|---|
| 001 | CTU_167642 | ||
| 008 | 210402s9999 xx 000 0 und d | ||
| 082 | |a 808.1 | ||
| 082 | |b Tr309 | ||
| 100 | |a Triều Nguyên | ||
| 245 | 0 | |a Nghệ thuật chơi chữ trong ca dao và bình giải ca dao | |
| 245 | 0 | |c Triều Nguyên | |
| 260 | |a Hà Nội | ||
| 260 | |b Nxb. Đại học Quốc gia Hà Nội | ||
| 260 | |c 2011 | ||
| 520 | |a Sách gồm bảy chương trình bày các phương tiện, hình thức chơi chữ mà ca dao thường sử dụng để chơi chữ như ngữ âm và chữ viết, từ vựng - ngữ nghĩa, ngữ pháp và nói láy trong ca dao. | ||
| 650 | |a Folk-song, Vietnamese,Vietnamese language,Ca dao, Việt Nam,Tiếng Việt | ||
| 650 | |x Rhetorics,Tu từ học | ||
| 904 | |i Trọng Hải | ||
| 980 | |a Trung tâm Học liệu Trường Đại học Cần Thơ | ||